Variational methods in optimum control theory /

Guardado en:
Autor Principal: Petrov, IU. P.
Formato: Libro
Idioma:English
Russian
Publicado: New York : Academic Press, 1968.
Series:Mathematics in science and engineering ; v. 45
Etiquetas: Agregar Etiqueta
Sin Etiquetas, Sea el primero en etiquetar este registro!
LEADER 00978cam a22002295 4500
001 MAT.inmabb002029
008 700928s1968####nyua#####b####001#0#eng#d
005 20170615123201.0
245 1 0 |a Variational methods in optimum control theory /  |c Iu. P. Petrov ; translated by M. D. Friedman with the assistance of H. J. ten Zeldam. 
260 |a New York :  |b Academic Press,  |c 1968. 
300 |a ix, 216 p. :  |b il. ;  |c 24 cm. 
440 0 |a Mathematics in science and engineering ;  |v v. 45 
500 |a Traducción de: Variatsionnye metody teorii optimal´nogo upravleniia. Moscú : 1965. 
500 |a "Appendix I: Historical survey": p. 194-200. 
504 |a Bibliografía: p. 204-212. 
510 4 |a MR,  |c 32 #1050  |3 (de la versión original) 
100 1 |a Petrov, IU. P.  |q (IUrii Petrovich) 
240 1 0 |a Variatsionnye metody teorii optimal´nogo upravleniia.  |l Inglés 
084 |a 93.40 (49.00)  |2 MR 
010 |a  68018678  
041 1 |a eng  |h rus 
859 |h 93  |i P497  |p A-3682  |b BIB. MATEMATICA